| 000 | 01386nam a2200229Ia 4500 | ||
|---|---|---|---|
| 003 | Ost | ||
| 005 | 20260507075023.0 | ||
| 008 | 260507s9999||||xx |||||||||||||| ||und|| | ||
| 040 | _cfsecg | ||
| 041 | _aara | ||
| 082 | _a330 | ||
| 100 |
_aقاسم، محمد حسن _eمؤلف |
||
| 245 | 0 |
_aمبادئ القانون : _bالمدخل الى القانون - الإلتزامات / _c محمد حسن قاسم |
|
| 260 |
_aالاسكندرية: _bدار الجامعة الجديدة, _c2002 |
||
| 300 |
_a488 صفحة؛ _bإيضاحات ؛ _c24 سم |
||
| 490 | _aالمكتبة القانونية | ||
| 520 | _aمدخل الى القانون- في القاعدة القانونية- خصائص القاعدة القانونية وصلتها بالقواعد الإجتماعية الاخرى- مصادر القاعدة القانونية- تطبيق القاعدة القانونية- تفسير القاعدة القانونية- في الحق-تعريف وأنواع الحق-أشخاص وحماية الحق- الإلتزامات-مصادرالإلتزام- تعريف العقد وأركانه- آثار العقد- الإدارة المنفردة- العمل غير المشروع- أحكام الإلتزام وأوصافه- انتقال الإلتزام | ||
| 653 | _aالأحكام | ||
| 653 | _aالإلتزامات | ||
| 653 | _aالقانون | ||
| 942 | _cكتاب | ||
| 999 |
_c42298 _d42298 |
||